000 00643nam a2200265Ia 4500
005 20260121161429.0
008 008 260114s9999 xx 000 0 eng d
020 _a9781315634777
037 _aEBOOK
040 _aCRL
040 _beng
040 _cCRL
041 _2eng
041 _aeng
084 _qCRL
100 _aEveryday Life and the State
_91044685
245 0 _aPeter Bratsis
260 _bTaylor and Francis
260 _c2006
650 _aSociology & Social Policy
_91044686
856 _uhttp://www.taylorfrancis.com/books/9781315634777
942 _cEBOOK
999 _c1610750
_d1610750